<?xml version="1.0" encoding="UTF-8"?>
<collection xmlns="http://www.loc.gov/MARC21/slim">
 <record>
  <leader>02560cam a2200529   4500</leader>
  <controlfield tag="001">1608098850</controlfield>
  <controlfield tag="003">DE-627</controlfield>
  <controlfield tag="005">20240925202134.0</controlfield>
  <controlfield tag="007">tu</controlfield>
  <controlfield tag="008">140318s2014    gw |||||      00| ||ger c</controlfield>
  <datafield tag="015" ind1=" " ind2=" ">
   <subfield code="a">13,N49</subfield>
   <subfield code="2">dnb</subfield>
  </datafield>
  <datafield tag="016" ind1="7" ind2=" ">
   <subfield code="a">1044720719</subfield>
   <subfield code="2">DE-101</subfield>
  </datafield>
  <datafield tag="020" ind1=" " ind2=" ">
   <subfield code="a">9783650400048</subfield>
   <subfield code="c">Gb. : EUR 49.95 (DE), EUR 51.40 (AT), sfr 66.90 (freier Pr.)</subfield>
   <subfield code="9">978-3-650-40004-8</subfield>
  </datafield>
  <datafield tag="024" ind1="3" ind2=" ">
   <subfield code="a">9783650400048</subfield>
  </datafield>
  <datafield tag="035" ind1=" " ind2=" ">
   <subfield code="a">(DE-627)1608098850</subfield>
  </datafield>
  <datafield tag="035" ind1=" " ind2=" ">
   <subfield code="a">(DE-576)402398017</subfield>
  </datafield>
  <datafield tag="035" ind1=" " ind2=" ">
   <subfield code="a">(DE-599)DNB1044720719</subfield>
  </datafield>
  <datafield tag="035" ind1=" " ind2=" ">
   <subfield code="a">(OCoLC)876169280</subfield>
  </datafield>
  <datafield tag="040" ind1=" " ind2=" ">
   <subfield code="a">DE-627</subfield>
   <subfield code="b">ger</subfield>
   <subfield code="c">DE-627</subfield>
   <subfield code="e">rakwb</subfield>
  </datafield>
  <datafield tag="041" ind1=" " ind2=" ">
   <subfield code="a">ger</subfield>
  </datafield>
  <datafield tag="044" ind1=" " ind2=" ">
   <subfield code="c">XA-DE-HE</subfield>
  </datafield>
  <datafield tag="082" ind1="0" ind2="4">
   <subfield code="a">700</subfield>
  </datafield>
  <datafield tag="084" ind1=" " ind2=" ">
   <subfield code="a">IE 7127</subfield>
   <subfield code="2">rvk</subfield>
   <subfield code="0">(DE-625)rvk/55212:13550</subfield>
  </datafield>
  <datafield tag="090" ind1=" " ind2=" ">
   <subfield code="a">a</subfield>
  </datafield>
  <datafield tag="100" ind1="0" ind2=" ">
   <subfield code="a">Guillaume</subfield>
   <subfield code="c">de Déguileville</subfield>
   <subfield code="d">1295-1360</subfield>
   <subfield code="0">(DE-588)118699113</subfield>
   <subfield code="0">(DE-627)079481140</subfield>
   <subfield code="0">(DE-576)161235891</subfield>
   <subfield code="4">aut</subfield>
  </datafield>
  <datafield tag="240" ind1="1" ind2="3">
   <subfield code="a">Le pelerinage de vie humaine &lt;dt.&gt;</subfield>
  </datafield>
  <datafield tag="245" ind1="1" ind2="4">
   <subfield code="a">Die Pilgerreise ins himmlische Jerusalem</subfield>
   <subfield code="c">Guillaume Digulleville. Hrsg. von Thomas Städtler</subfield>
  </datafield>
  <datafield tag="263" ind1=" " ind2=" ">
   <subfield code="a">201403</subfield>
  </datafield>
  <datafield tag="264" ind1=" " ind2="1">
   <subfield code="a">Darmstadt</subfield>
   <subfield code="b">Lambert Schneider</subfield>
   <subfield code="c">2014</subfield>
  </datafield>
  <datafield tag="264" ind1=" " ind2="1">
   <subfield code="a">Darmstadt</subfield>
   <subfield code="b">WBG</subfield>
   <subfield code="c">2014</subfield>
  </datafield>
  <datafield tag="300" ind1=" " ind2=" ">
   <subfield code="a">20 S., 84 Bl.</subfield>
   <subfield code="b">Ill.</subfield>
   <subfield code="c">290 mm x 205 mm</subfield>
  </datafield>
  <datafield tag="336" ind1=" " ind2=" ">
   <subfield code="a">Text</subfield>
   <subfield code="b">txt</subfield>
   <subfield code="2">rdacontent</subfield>
  </datafield>
  <datafield tag="337" ind1=" " ind2=" ">
   <subfield code="a">ohne Hilfsmittel zu benutzen</subfield>
   <subfield code="b">n</subfield>
   <subfield code="2">rdamedia</subfield>
  </datafield>
  <datafield tag="338" ind1=" " ind2=" ">
   <subfield code="a">Band</subfield>
   <subfield code="b">nc</subfield>
   <subfield code="2">rdacarrier</subfield>
  </datafield>
  <datafield tag="689" ind1="0" ind2="0">
   <subfield code="d">u</subfield>
   <subfield code="0">(DE-588)104434220X</subfield>
   <subfield code="0">(DE-627)771821239</subfield>
   <subfield code="0">(DE-576)396898505</subfield>
   <subfield code="a">Handschrift</subfield>
   <subfield code="g">Universitätsbibliothek Heidelberg</subfield>
   <subfield code="n">Cod. pal. lat. 1969</subfield>
   <subfield code="2">gnd</subfield>
  </datafield>
  <datafield tag="689" ind1="0" ind2=" ">
   <subfield code="5">DE-101</subfield>
  </datafield>
  <datafield tag="700" ind1="1" ind2=" ">
   <subfield code="a">Städtler, Thomas</subfield>
   <subfield code="e">Hrsg.</subfield>
   <subfield code="0">(DE-588)1029344000</subfield>
   <subfield code="0">(DE-627)73325991X</subfield>
   <subfield code="0">(DE-576)165223383</subfield>
   <subfield code="4">edt</subfield>
  </datafield>
  <datafield tag="700" ind1="0" ind2="2">
   <subfield code="a">Guillaume</subfield>
   <subfield code="c">de Déguileville</subfield>
   <subfield code="d">1295-1360</subfield>
   <subfield code="t">Le pelerinage de vie humaine &lt;dt.&gt;</subfield>
  </datafield>
  <datafield tag="787" ind1="0" ind2="8">
   <subfield code="i">Rezensiert in</subfield>
   <subfield code="a">Lützelschwab, Ralf, 1969 - </subfield>
   <subfield code="t">[Rezension von: Guillaume de Digulleville: Le Pelerinage de Vie humaine - Die Pilgerreise ins himmlische Jerusalem]</subfield>
   <subfield code="d">2015</subfield>
   <subfield code="w">(DE-627)1796268852</subfield>
  </datafield>
  <datafield tag="856" ind1="4" ind2="2">
   <subfield code="u">http://deposit.dnb.de/cgi-bin/dokserv?id=4526103&amp;prov=M&amp;dok_var=1&amp;dok_ext=htm</subfield>
   <subfield code="m">X:MVB</subfield>
   <subfield code="q">text/html</subfield>
   <subfield code="3">Inhaltstext</subfield>
  </datafield>
  <datafield tag="856" ind1="4" ind2="2">
   <subfield code="u">http://d-nb.info/1044720719/04</subfield>
   <subfield code="m">B:DE-101</subfield>
   <subfield code="q">application/pdf</subfield>
   <subfield code="3">Inhaltsverzeichnis</subfield>
  </datafield>
  <datafield tag="935" ind1=" " ind2=" ">
   <subfield code="i">sf</subfield>
  </datafield>
  <datafield tag="936" ind1="r" ind2="v">
   <subfield code="a">IE 7127</subfield>
   <subfield code="b">g</subfield>
   <subfield code="k">Romanistik</subfield>
   <subfield code="k">Französische Literatur i.A. und Französische Literatur im Mittelalter</subfield>
   <subfield code="k">Französische Literatur im Mittelalter</subfield>
   <subfield code="k">Literaturgeschichte</subfield>
   <subfield code="k">Einzelne Gattungen</subfield>
   <subfield code="k">Epik</subfield>
   <subfield code="k">Versepik</subfield>
   <subfield code="k">Geistliche Dichtung, Lehrdichtung</subfield>
   <subfield code="k">Einzelne Denkmäler und Autoren (A-Z)</subfield>
   <subfield code="k">g</subfield>
   <subfield code="0">(DE-627)1271693100</subfield>
   <subfield code="0">(DE-625)rvk/55212:13550</subfield>
   <subfield code="0">(DE-576)201693100</subfield>
  </datafield>
  <datafield tag="951" ind1=" " ind2=" ">
   <subfield code="a">BO</subfield>
  </datafield>
  <datafield tag="990" ind1=" " ind2=" ">
   <subfield code="a">Handschrift</subfield>
  </datafield>
  <datafield tag="991" ind1=" " ind2=" ">
   <subfield code="a">Rezensiertes Werk</subfield>
  </datafield>
  <datafield tag="999" ind1=" " ind2=" ">
   <subfield code="a">KXP-PPN1608098850</subfield>
   <subfield code="e">4182949293</subfield>
  </datafield>
 </record>
</collection>
